000 00479nam a2200181Ia 4500
005 20250326142507.0
008 250326s9999 xx 000 0 und d
037 _aTextbook
040 _aFMSL
_beng
_cFMSL
041 _aeng
_2eng
084 _qFMSL
100 _aWorld Health Organization
245 4 _aThe world health report 1999
_cWorld Health Organization
260 _aDelhi
_bDelhi, Bookwell
_c1999
300 _a122p
942 _cTB
999 _c1295290
_d1295290